|
|
|
|
| LEADER |
01749nam a2200469 a 4500 |
| 001 |
nkc20122360734 |
| 003 |
CZ PrNK |
| 005 |
20140815100834.0 |
| 007 |
ta |
| 008 |
120419s2008 xr acj e 000 0ccze |
| 015 |
|
|
|a cnb002360734
|
| 020 |
|
|
|a 978-80-260-2111-7
|q (v knize neuvedeno :
|q brož.)
|
| 035 |
|
|
|a (OCoLC)796019256
|
| 040 |
|
|
|a ABA001
|b cze
|
| 043 |
|
|
|a e-xr---
|
| 045 |
|
|
|a r-s-
|
| 072 |
|
7 |
|a 929
|x Biografie
|2 Konspekt
|9 8
|
| 080 |
|
|
|a 929.7-055.2
|2 MRF
|
| 080 |
|
|
|a 929.731-058.833
|2 MRF
|
| 080 |
|
|
|a 929.731-055.62
|2 MRF
|
| 080 |
|
|
|a (437.3)
|2 MRF
|
| 080 |
|
|
|a (0:82-94)
|2 MRF
|
| 100 |
1 |
|
|a Remešová, Milada,
|d 1948-
|7 xx0112449
|4 aut
|
| 245 |
1 |
0 |
|a Ženy ve světle dějin - období rané renesance /
|c [Milada Remešová]
|
| 260 |
|
|
|a Mladá Boleslav :
|b Český svaz žen,
|c 2008
|
| 300 |
|
|
|a 31 s. :
|b il., portréty, 1 geneal. tabulka ;
|c 21 cm
|
| 504 |
|
|
|a Obsahuje bibliografii
|
| 648 |
|
7 |
|a 14.-15. století
|7 ch460617
|2 czenas
|
| 650 |
0 |
7 |
|a šlechtičny
|7 ph127828
|z Česko
|y 14.-15. stol.
|2 czenas
|
| 650 |
0 |
7 |
|a manželky panovníků
|7 ph122617
|z Česko
|y 14.-15. stol.
|2 czenas
|
| 650 |
0 |
7 |
|a děti panovníků
|7 ph119708
|z Česko
|y 14.-15. stol.
|2 czenas
|
| 650 |
0 |
9 |
|a noblewomen
|z Czechia
|y 14th-15th centuries
|2 eczenas
|
| 650 |
0 |
9 |
|a rulers' spouses
|z Czechia
|y 14th-15th centuries
|2 eczenas
|
| 650 |
0 |
9 |
|a chidren of kings and rulers
|z Czechia
|y 14th-15th centuries
|2 eczenas
|
| 655 |
|
7 |
|a medailony
|7 fd185951
|2 czenas
|
| 655 |
|
9 |
|a biographical portraits
|2 eczenas
|
| 910 |
2 |
|
|a BOA001
|b 2-1330.047
|
| 928 |
9 |
|
|a Český svaz žen Mladá Boleslav
|
| 990 |
|
|
|a BK
|
| 995 |
|
|
|a 01
|
| 991 |
|
|
|b 201408
|c NOV
|e n
|
| 996 |
6 |
|
|b 2610600220
|c 2-1330.047
|l MZK
|r Sklad / do 1 hodiny
|n 0
|p p.v.
|w 001443788
|u 000010
|a 1
|e BOA001
|j MZK50
|s P
|